=LDR 00000nam 2200000 4500 =001 000363 =005 20250710025823 =035 ##$$a 0010-0725000221 =007 ta =008 250710################a##########0#ind## =020 ##$$a 978-623-307-337-0 =082 ##$$a 398.209 598 =084 ##$$a 398.209 598 ENG u =100 #$$a English, Hello =245 1#$$a Ulang Tahun Eddie /$c Hello English =250 ##$$a Cetakan Pertama =260 ##$$a Jakarta Timur :$b Badan Pengembangan dan Pembinaan Bahasa,$c 2024 =300 ##$$a 26 hlm. : $b Ilus. ; $c 29 cm =651 #4$$a cerita anak indonesia-terjemahan =651 #4$$a Literasi-Bahan Bacaan =856 ##$$a TBM As-suhada =990 ##$$a TBM00820082